000
00205 a2200097 4500
001
28368
100
_a
Martin, A
245
_a
Economics and Agriculture
260
_a
_b
Routledge
_c
090
_c
18977
_d
18977
942
_a
NUST-CAE
_c
M
_c
9976
999
_c
263441
_d
263441